000 01565cam a2200373 a 4500
001 14265282
003 OSt
005 20150408114102.0
008 060214s2005 enka f b 001 0 eng d
010 _a 2006295405
015 _aGBA533205
_2bnb
016 7 _a013179816
_2Uk
020 _a0521850029 (hbk.)
020 _a9780521850025
035 _a(OCoLC)ocm59353203
040 _aUKM
_cUKM
_dBAKER
_dBWKUK
_dIXA
_dDLC
042 _aukblsr
_alccopycat
050 0 0 _aHF1411
_b.I475 2005
082 0 4 _a382.3
_222
245 0 0 _aInternational business and government relations in the 21st century /
_cedited by Robert Grosse.
260 _aCambridge ;
_aNew York :
_bCambridge University Press,
_c2005.
300 _axiii, 527 p. :
_bill. ;
_c24 cm.
504 _aIncludes bibliographical references (p. 475-509) and index.
650 0 _aInternational business enterprises
_xGovernment policy.
_917888
650 0 _aInternational business enterprises
_xManagement.
_94644
650 0 _aCommercial policy.
_917889
650 0 _aForeign trade promotion.
_917890
700 1 _aGrosse, Robert E.
_917891
856 4 2 _3Publisher description
_uhttp://www.loc.gov/catdir/enhancements/fy0632/2006295405-d.html
856 4 1 _3Table of contents only
_uhttp://www.loc.gov/catdir/enhancements/fy0632/2006295405-t.html
856 4 2 _3Contributor biographical information
_uhttp://www.loc.gov/catdir/enhancements/fy0733/2006295405-b.html
942 _2ddc
_cBOOK
999 _c26242
_d260742